000 00791nam a2200265Ia 4500
003 OSt
005 20221005042704.0
006 a|||||r|||| 00| 0
007 ta
008 221004b |||||||| |||| 00| 0 eng d
020 _a9781844652372 (pbk)
_c1243.57
024 _a118966
037 _bBBS/63, 22/11/2011, Better Book Service
_cTextual
040 _aCRL
_cCRL
_beng
041 _2eng
_aeng
082 _aR3xN29:g, Q1
100 _aFultner Barbara Ed.
_9453328
245 0 _aJurgen Habermas
_b Key concepts
260 _aDurham
_bAcumen
_c2011
300 _axiii,264p.
_ccm.
650 _a METAPHYSICS
650 _aPHILOSOPHY
942 _hR3xN29:g, Q1
_cTEXL
_2cc
999 _c950682
_d950682